000 00276nam a2200109 a 4500
005 20141022141959.0
008 120306s19uu xx 00 eng d
050 _aCD
_bM57 2003
245 _aMCSE/MCSA window server 2003 :
_bactive directory.
260 _c2003.
942 _cAVM
999 _c276134
_d276134